Statistics for Biggest Cities in Turkey

Click here to take the quiz!

General Stats

  • This quiz has been taken 9,028 times
    (7,839 since last reset)
  • The average score is 6 of 15

Answer Stats

Population Answer % Correct
14,025,646Istanbul
99%
4,587,558Ankara
98%
2,847,691İzmir
75%
1,068,099Antalya
60%
1,800,278Bursa
46%
1,663,485Adana
38%
1,174,536Konya
36%
1,510,270Gaziantep
34%
541,330Samsun
25%
915,703Mersin
24%
930,266Diyarbakir
23%
904,699Kayseri
23%
685,135Eskisehir
23%
561,465Şanlıurfa
16%
557,300Denizli
16%

Score Distribution

Percentile by Number Answered

Percent of People with Each Score

Your Score History

You have not taken this quiz since the last reset